Regionálne disparity tržieb franšízingového podniku diplomová práca

Salvato in:
Dettagli Bibliografici
Autore principale: Štefanovič, Maroš
Ente Autore: Podnikovohospodárska fakulta EU so sídlom v Košiciach. Katedra finančného riadenia podniku
Altri autori: Tkáč, Michal, ml., 1984-
Natura: Libro
Lingua:slovacco
Pubblicazione: Košice 2016
Tags: Aggiungi Tag
Nessun Tag, puoi essere il primo ad aggiungerne!!

MARC

LEADER 00000nbm a2200000 4500
001 0217806
005 20170608100208.9
041 0 |a slo 
044 |a SK 
245 1 0 |a Regionálne disparity tržieb franšízingového podniku  |b diplomová práca  |c Maroš Štefanovič ; školiteľ: Michal Tkáč ml. 
264 1 |a Košice  |c 2016 
300 |a 82 s. 
100 1 |a Štefanovič, Maroš 
700 1 |a Tkáč, Michal, ml., 1984- 
710 2 |a Podnikovohospodárska fakulta EU so sídlom v Košiciach. Katedra finančného riadenia podniku